Four Letter Words A-Z #2 - Statistics

General Stats
  • This quiz has been taken 79 times
  • The average score is 18 of 26
Answer Stats
definition word % Correct
V Mastercard, Amex, ___ Visa
94%
N when a day is half gone noon
92%
W lightbulb power rating watt
92%
C one is Good Hope cape
91%
K leafy vegetable kale
86%
X the day before Boxing Day Xmas
86%
A ____ Lang Syne Auld
85%
I symbol on a computer screen icon
85%
M can go with vinegar and whisky malt
83%
E Kosovo's currency euro
82%
Q finish quit
80%
T long hike trek
80%
Z passion, fervour zeal
80%
F be anxious - or a guitar part fret
76%
G Hindu religious teacher guru
73%
U ____ Major, a constellation Ursa
70%
H what geese do honk
65%
L can go with bed, kerosene and street lamp
56%
Y Mongolian house yurt
55%
O semi-precious, color-layered, stone onyx
53%
J ____ de vivre, enjoyment of life joie
50%
S peasant serf
50%
R sirloin is to USA as ___ is to UK rump
45%
D Dutch equivalent of a French levée dyke
44%
P white tissue in lemon, next to the rind pith
44%
B the lowest capital Baku
30%
No matching quizzes found
Score Distribution
Percent of People with Each Score
Percentile by Number Answered
Your Score History
You have not taken this quiz